Consultation on waste data (Record no. 118221)

MARC details
000 -LEADER
fixed length control field 01180cam a2200217 4500
001 - CONTROL NUMBER
control field WB@3612-887
008 - FIXED-LENGTH DATA ELEMENTS--GENERAL INFORMATION
fixed length control field 041026n2004 000 0 eng u
035 ## - SYSTEM CONTROL NUMBER
System control number (Sirsi) u127819
245 ## - TITLE STATEMENT
Title Consultation on waste data
260 ## - PUBLICATION, DISTRIBUTION, ETC.
Date of publication, distribution, etc. 2004
490 ## - SERIES STATEMENT
Series statement DEFRA News Release
Volume/sequential designation (417/04) 25 October 2004 (2)
520 ## - SUMMARY, ETC.
Summary, etc. DEFRA has recently launched a consultation on a new three-year strategy for data on waste. It sets out proposals for delivering more accurate, complete, timely and consistent data on all types of waste. It also proposes more robust and consistent new arrangements for collecting data, based on common standards and definitions. Information would be stored in a central data warehouse, developed and funded by DEFRA, which will provide easy access to all via the internet. The consultation is available at: http://www.defra.gov.uk/corporate/consult/wip-data /index.htm and closes on 7 January 2005. http://www.defra.gov.uk/news/2004/041025c.htm
590 ## - LOCAL NOTE (RLIN)
Local note WB
590 ## - LOCAL NOTE (RLIN)
Local note WB
650 ## - SUBJECT ADDED ENTRY--TOPICAL TERM
Topical term or geographic name entry element WASTE DISPOSAL
650 ## - SUBJECT ADDED ENTRY--TOPICAL TERM
Topical term or geographic name entry element WASTE DISPOSAL STRATEGY
650 ## - SUBJECT ADDED ENTRY--TOPICAL TERM
Topical term or geographic name entry element ENVIRONMENT
9 (RLIN) 6238
650 ## - SUBJECT ADDED ENTRY--TOPICAL TERM
Topical term or geographic name entry element LANDFILL SITES
690 ## - LOCAL SUBJECT ADDED ENTRY--TOPICAL TERM (OCLC, RLIN)
Topical term or geographic name as entry element WASTE MANAGEMENT
942 ## - ADDED ENTRY ELEMENTS (KOHA)
Suppress in OPAC 0
Holdings
Withdrawn status Lost status Source of classification or shelving scheme Damaged status Not for loan Home library Current library Shelving location Date acquired Total Checkouts Full call number Barcode Date last seen Copy number Price effective from Koha item type
    Dewey Decimal Classification     London London News article 26/10/2004   WB4041-15 127819-1001 06/08/2019 1 06/08/2019 News article